Η δεύτερη γλώσσα : κατάκτηση και διδασκαλία
Αποθηκεύτηκε σε:
| Κύριος συγγραφέας: | |
|---|---|
| Μορφή: | Βιβλίο |
| Γλώσσα: | Greek |
| Δημοσίευση: |
Αθήνα :
Ελληνικά Γράμματα,
2007.
|
| Σειρά: | Γλώσσα - κείμενο - επικοινωνία
|
| Θέματα: | |
| Ετικέτες: |
Προσθήκη ετικέτας
Δεν υπάρχουν, Καταχωρήστε ετικέτα πρώτοι!
|
MARC
| LEADER | 00000cam a2200000 i 4500 | ||
|---|---|---|---|
| 001 | 1/98324 | ||
| 008 | 081126s2007 gr | ||| |||| ||gre|| | ||
| 020 | |a 9789604429653 | ||
| 035 | |l 10102051 | ||
| 040 | |a GR-MY-UA |b gre |e aacr | ||
| 041 | 0 | |a gre | |
| 082 | 7 | |a 418.0071 |2 (22) | |
| 100 | 1 | |a Μπέλλα, Σπυριδούλα. | |
| 245 | 1 | 2 | |a Η δεύτερη γλώσσα : |b κατάκτηση και διδασκαλία / |c Σπυριδούλα Μπέλλα. |
| 260 | |a Αθήνα : |b Ελληνικά Γράμματα, |c 2007. | ||
| 300 | |a 290 σ. : |b πίν. ; |c 25 εκ. | ||
| 490 | 1 | |a (Γλώσσα - κείμενο - επικοινωνία) | |
| 504 | |a Βιβλιογραφία: σ. [249]-271. | ||
| 504 | |a Ευρετήριο: σ. [273]-290. | ||
| 650 | 0 | 0 | |a Second language acquisition. |
| 650 | 0 | 0 | |a Language and languages |x Study and teaching. |
| 830 | 0 | |a Γλώσσα - κείμενο - επικοινωνία | |
| 852 | |a INST |b LESVOS |e 20081126 |h 418.0071 ΜΠΕ |p 005100043584 |q 005100043584 |t BK |y 0 | ||
| 901 | |a BIBL1-2008-3 | ||
| 909 | |a Λ |b 157368 | ||
| 970 | |a ΚΑΡΑ |b ΓΙΑΣΕΜΗ |z 2008/11/26 | ||